| 000 | 00392nam a2200145Ia 4500 | ||
|---|---|---|---|
| 008 | 210716s1987 xx 000 0 und d | ||
| 041 | _aeng | ||
| 082 | _a005.363 MCCD | ||
| 100 | _aMccracken, Daniel D. | ||
| 245 | _aSecond course in compueter science with pascal. | ||
| 250 | _a1 | ||
| 260 |
_aNew York _bJohn Wiley & sons _c1987 |
||
| 300 | _axi,403,19 | ||
| 650 | _aComputer Fundamentals | ||
| 999 |
_c181141 _d181141 |
||